00281nam a2200121Ia 4500008004100000041000800041082001200049100001700061245002400078260003300102300001300135365001100148240624s9999 xx 000 0 und d aeng a823 ASL aFREEMAN JOHN aGRANTA 112 PAKISTAN c2010aNew DelhibGrove Press a256 : p. cRSb20